00150nam a2200061Ia 4500008004100000100001900041245002800060120527s9999 xx 000 0 und d aDavis, H. Mark aSocial Psychology 01/02